[Event "Tambov Pavlyutin Memorial 8th"]
[Site "Tambov"]
[Date "2018.05.24"]
[Round "3"]
[White "Sychev, Vitaly"]
[Black "Fedotov, Sergey A"]
[Result "1/2-1/2"]
[WhiteElo "2002"]
[BlackElo "2145"]
[PlyCount "49"]
[EventDate "2018.05.23"]
[EventType "tourn"]
[EventRounds "9"]
[EventCountry "RUS"]
[SourceTitle "CBM 184 Extra"]
[Source "ChessBase"]
[SourceDate "2018.06.28"]
[SourceVersion "1"]
[SourceVersionDate "2018.06.28"]
[SourceQuality "1"]

1. e4 g6 2. d4 Bg7 3. Nf3 d6 4. Be2 a6 5. a4 Nd7 6. 0-0 b6 7. c4 c5 8. Nc3 cxd4 9. Nxd4 Bb7 10. Be3 Ngf6 11. f3 0-0 12. Qd2 Nc5 13. Bd1 Rc8 14. b3 Re8 15. Rb1 e6 16. Be2 Qc7 17. Rfd1 Rcd8 18. Bg5 e5 19. Nc2 Ne6 20. Be3 Bf8 21. Nb4 Nc5 22. Nbd5 Nxd5 23. Nxd5 Bxd5 24. Qxd5 a5 25. Bd3 1/2-1/2

[Event "Tambov Region-ch"]
[Site "Tambov"]
[Date "2015.02.13"]
[Round "6"]
[White "Fedotov, Sergey A"]
[Black "Suvorov, Alexander"]
[Result "1/2-1/2"]
[WhiteElo "2134"]
[BlackElo "1940"]
[PlyCount "49"]
[EventDate "2015.02.11"]
[EventType "swiss"]
[EventRounds "9"]
[EventCountry "RUS"]
[SourceTitle "CBM 164 Extra"]
[Source "ChessBase"]
[SourceDate "2015.03.02"]
[SourceVersion "1"]
[SourceVersionDate "2015.03.02"]
[SourceQuality "1"]

1. d4 d5 2. Nf3 c6 3. e3 Nf6 4. Bd3 Bg4 5. Nbd2 Nbd7 6. c3 e6 7. Qc2 Bd6 8. h3 Bh5 9. 0-0 Bg6 10. e4 dxe4 11. Nxe4 Nxe4 12. Bxe4 Nf6 13. Bxg6 hxg6 14. Bg5 Qa5 15. b4 Qf5 16. Qxf5 gxf5 17. Bxf6 gxf6 18. Nd2 0-0-0 19. Nc4 Bc7 20. f4 Rh4 21. g3 Rxh3 22. Kg2 Rdh8 23. Rh1 Rxh1 24. Rxh1 Rxh1 25. Kxh1 1/2-1/2

[Event "Tambov Region-ch"]
[Site "Tambov"]
[Date "2015.02.11"]
[Round "2"]
[White "Fedotov, Sergey A"]
[Black "Gorelov, Viktor N"]
[Result "1-0"]
[WhiteElo "2134"]
[BlackElo "1747"]
[PlyCount "43"]
[EventDate "2015.02.11"]
[EventType "swiss"]
[EventRounds "9"]
[EventCountry "RUS"]
[SourceTitle "CBM 164 Extra"]
[Source "ChessBase"]
[SourceDate "2015.03.02"]
[SourceVersion "1"]
[SourceVersionDate "2015.03.02"]
[SourceQuality "1"]

1. d4 d5 2. Nf3 Nf6 3. e3 e6 4. Bd3 Be7 5. 0-0 0-0 6. Nbd2 c5 7. b3 cxd4 8. exd4 b6 9. Bb2 Bb7 10. Ne5 Nc6 11. a3 Rc8 12. f4 Nxe5 13. fxe5 Ne4 14. Qe2 Nxd2 15. Qxd2 Bg5 16. Qe2 f5 17. exf6 Rxf6 18. Rxf6 Qxf6 19. Rf1 Qh6 20. Rf3 Rf8 21. Bxh7+ Qxh7 22. Qxe6+ 1-0

[Event "Tambov Korensky Memorial 22nd"]
[Site "Tambov"]
[Date "2013.08.21"]
[Round "5"]
[White "Najdin, Danil"]
[Black "Fedotov, Sergey A"]
[Result "0-1"]
[WhiteElo "2098"]
[BlackElo "2150"]
[PlyCount "42"]
[EventDate "2013.08.17"]
[EventType "swiss"]
[EventRounds "9"]
[EventCountry "RUS"]
[SourceTitle "CBM 156 Extra"]
[Source "ChessBase"]
[SourceDate "2013.10.22"]
[SourceVersion "1"]
[SourceVersionDate "2013.10.22"]
[SourceQuality "1"]

1. d4 d5 2. Nf3 Nf6 3. e3 c6 4. Bd3 Bg4 5. b3 e6 6. Bb2 Ne4 7. a3 f5 8. Nbd2 Bd6 9. c4 Nd7 10. Qc2 Qf6 11. 0-0-0 Nxf2 12. h3 Bh5 13. g4 Bg6 14. Rhf1 Nxd3+ 15. Qxd3 fxg4 16. e4 gxf3 17. cxd5 exd5 18. Rxf3 Qe7 19. Re1 0-0-0 20. Qc3 Kb8 21. Rfe3 Bf4 0-1

[Event "Tambov Korensky Memorial 22nd"]
[Site "Tambov"]
[Date "2013.08.20"]
[Round "4"]
[White "Fedotov, Sergey A"]
[Black "Balashov, Yuri S"]
[Result "1/2-1/2"]
[WhiteElo "2150"]
[BlackElo "2441"]
[PlyCount "25"]
[EventDate "2013.08.17"]
[EventType "swiss"]
[EventRounds "9"]
[EventCountry "RUS"]
[SourceTitle "CBM 156 Extra"]
[Source "ChessBase"]
[SourceDate "2013.10.22"]
[SourceVersion "1"]
[SourceVersionDate "2013.10.22"]
[SourceQuality "1"]

1. d4 Nf6 2. Nf3 e6 3. Bg5 c5 4. e3 b6 5. d5 exd5 6. Nc3 Be7 7. Nxd5 Bb7 8. Bc4 0-0 9. c3 Nxd5 10. Bxd5 Nc6 11. Bf4 Qc8 12. Qd3 Nd8 13. Bxb7 1/2-1/2

[Event "Tambov Korensky Memorial 22nd"]
[Site "Tambov"]
[Date "2013.08.18"]
[Round "2"]
[White "Lopukhin, Anatoly Viktorovich"]
[Black "Fedotov, Sergey A"]
[Result "1-0"]
[WhiteElo "2287"]
[BlackElo "2150"]
[PlyCount "57"]
[EventDate "2013.08.17"]
[EventType "swiss"]
[EventRounds "9"]
[EventCountry "RUS"]
[SourceTitle "CBM 156 Extra"]
[Source "ChessBase"]
[SourceDate "2013.10.22"]
[SourceVersion "1"]
[SourceVersionDate "2013.10.22"]
[SourceQuality "1"]

1. d4 Nf6 2. Nf3 e6 3. Bg5 d5 4. e3 Be7 5. Nbd2 Nbd7 6. Bd3 c5 7. c3 b6 8. 0-0 Bb7 9. Ne5 Nxe5 10. dxe5 Nd7 11. Bxe7 Qxe7 12. f4 f5 13. exf6 Nxf6 14. Qa4+ Kf7 15. e4 c4 16. e5 Ng4 17. f5 h5 18. fxe6+ Kg8 19. Bg6 Rh6 20. Bf7+ Kh8 21. Nf3 Qc5+ 22. Kh1 b5 23. Qa3 Qxa3 24. bxa3 Ne3 25. Nd4 Bc8 26. Rf3 Ng4 27. Re1 a6 28. e7 Bd7 29. e6 1-0

[Event "Tambov Pavlyutin Memorial 2nd"]
[Site "Tambov"]
[Date "2012.05.18"]
[Round "6"]
[White "Simakov, Alexey"]
[Black "Fedotov, Sergey A"]
[Result "1-0"]
[WhiteElo "2141"]
[BlackElo "2168"]
[PlyCount "131"]
[EventDate "2012.05.15"]
[EventType "tourn"]
[EventRounds "9"]
[EventCountry "RUS"]
[SourceTitle "EXT 2014"]
[Source "ChessBase"]
[SourceDate "2013.11.20"]
[SourceVersion "1"]
[SourceVersionDate "2013.11.20"]
[SourceQuality "1"]

1. c4 Nf6 2. d4 c6 3. Nf3 d5 4. e3 e6 5. Nc3 Ne4 6. Qc2 f5 7. h3 Bd6 8. Bd3 0-0 9. b3 Nxc3 10. Qxc3 Qe7 11. c5 Bc7 12. Bb2 b6 13. b4 Bb7 14. a4 Nd7 15. 0-0 bxc5 16. bxc5 Rae8 17. Ne5 Bxe5 18. dxe5 Qxc5 19. Qd2 Qb6 20. Ba3 Nxe5 21. a5 Qc7 22. Bxf8 Rxf8 23. a6 Ba8 24. f4 Nd7 25. Qa5 Qxa5 26. Rxa5 Rb8 27. Rb1 Rxb1+ 28. Bxb1 Kf7 29. g4 g6 30. Kf2 Ke7 31. Bd3 Kd6 32. gxf5 exf5 33. Ke2 c5 34. h4 c4 35. Bc2 Bc6 36. h5 Nc5 37. h6 Bd7 38. Kd2 Be8 39. Kc3 Bc6 40. Ra1 Bd7 41. Rg1 Be8 42. Rb1 Nxa6 43. Rb7 Nc7 44. Kb4 Kc6 45. Rxa7 Kb6 46. Ra1 Bf7 47. Ba4 Ne6 48. Kc3 d4+ 49. exd4 Nxf4 50. Rb1+ Kc7 51. Bd1 g5 52. Bf3 Bg6 53. Kxc4 g4 54. Bd5 Nxd5 55. Kxd5 f4 56. Rc1+ Kd7 57. Ke5 f3 58. Kf4 Bd3 59. Kg3 Kd6 60. Rc5 Ke6 61. Rg5 Bf5 62. Kf2 Kf6 63. Rg7 Bg6 64. d5 Be8 65. d6 Ke6 66. Re7+ 1-0

[Event "Tambov Pavlyutin Memorial 2nd"]
[Site "Tambov"]
[Date "2012.05.16"]
[Round "2"]
[White "Fedotov, Sergey A"]
[Black "Agapov, Yury N"]
[Result "1-0"]
[WhiteElo "2168"]
[BlackElo "1964"]
[PlyCount "57"]
[EventDate "2012.05.15"]
[EventType "tourn"]
[EventRounds "9"]
[EventCountry "RUS"]
[SourceTitle "EXT 2014"]
[Source "ChessBase"]
[SourceDate "2013.11.20"]
[SourceVersion "1"]
[SourceVersionDate "2013.11.20"]
[SourceQuality "1"]

1. d4 d5 2. c4 c6 3. Nc3 Nf6 4. Nf3 e6 5. Bg5 h6 6. Bh4 g5 7. Bg3 dxc4 8. e4 b5 9. Be2 Bg7 10. h4 g4 11. Ne5 h5 12. 0-0 b4 13. Nxc4 bxc3 14. Nd6+ Kf8 15. f3 Ne8 16. Nxc8 Qxc8 17. bxc3 c5 18. fxg4 cxd4 19. cxd4 Nc6 20. Rc1 Qd7 21. d5 exd5 22. Bb5 Rc8 23. exd5 Bd4+ 24. Kh2 Qxd5 25. Bxc6 Rxc6 26. Rxc6 Qxc6 27. Qxd4 Rg8 28. Qxa7 Rxg4 29. Qxf7# 1-0

[Event "Tambov Korensky Memorial 20th"]
[Site "Tambov"]
[Date "2011.08.28"]
[Round "9"]
[White "Sviridova, Olga Borisovna"]
[Black "Fedotov, Sergey A"]
[Result "1-0"]
[WhiteElo "1903"]
[BlackElo "2197"]
[PlyCount "27"]
[EventDate "2011.08.20"]
[EventType "swiss"]
[EventRounds "9"]
[EventCountry "RUS"]
[SourceTitle "CBM 144 Extra"]
[Source "ChessBase"]
[SourceDate "2011.10.28"]
[SourceVersion "1"]
[SourceVersionDate "2011.10.28"]
[SourceQuality "1"]

1. e4 c5 2. Nf3 g6 3. d4 cxd4 4. Nxd4 Bg7 5. f4 Nc6 6. Nxc6 bxc6 7. Bc4 Qb6 8. Nc3 Nf6 9. e5 Ng8 10. Qd3 Nh6 11. Be3 Qxb2 12. 0-0 d5 13. Nxd5 cxd5 14. Bb5+ 1-0

[Event "Tambov Pavlyutin Memorial 1st"]
[Site "Tambov"]
[Date "2011.05.21"]
[Round "9"]
[White "Seryogin, Peter V"]
[Black "Fedotov, Sergey A"]
[Result "1/2-1/2"]
[WhiteElo "2254"]
[BlackElo "2158"]
[PlyCount "45"]
[EventDate "2011.05.17"]
[EventType "tourn"]
[EventRounds "9"]
[EventCountry "RUS"]
[SourceTitle "CBM 142 Extra"]
[Source "ChessBase"]
[SourceDate "2011.06.27"]
[SourceVersion "1"]
[SourceVersionDate "2011.06.27"]
[SourceQuality "1"]

1. e4 c5 2. Nc3 Nc6 3. Bb5 Na5 4. Be2 d6 5. Bb5+ Bd7 6. Bxd7+ Qxd7 7. d3 g6 8. f4 Bg7 9. Nf3 Nc6 10. 0-0 Nh6 11. Nd5 e6 12. Ne3 0-0 13. c3 d5 14. Nc2 f5 15. e5 Nf7 16. Be3 b6 17. d4 c4 18. b4 cxb3 19. axb3 Na5 20. Rb1 Rfc8 21. Qd3 Bf8 22. Bd2 b5 23. Ne3 1/2-1/2

[Event "Tambov Pavlyutin Memorial 1st"]
[Site "Tambov"]
[Date "2011.05.20"]
[Round "8"]
[White "Fedotov, Sergey A"]
[Black "Vyaznikov, Sergey O"]
[Result "0-1"]
[WhiteElo "2158"]
[BlackElo "2265"]
[PlyCount "76"]
[EventDate "2011.05.17"]
[EventType "tourn"]
[EventRounds "9"]
[EventCountry "RUS"]
[SourceTitle "CBM 142 Extra"]
[Source "ChessBase"]
[SourceDate "2011.06.27"]
[SourceVersion "1"]
[SourceVersionDate "2011.06.27"]
[SourceQuality "1"]

1. d4 e6 2. Nf3 f5 3. g3 d5 4. Bg2 Nf6 5. Bf4 Be7 6. 0-0 0-0 7. c4 c6 8. Qc2 Nh5 9. e3 Nd7 10. h4 Ndf6 11. Nbd2 Ne4 12. Ne5 Nxd2 13. Qxd2 Bd7 14. c5 Be8 15. Bf3 h6 16. Qe2 Nf6 17. Nd3 Bf7 18. Ne5 Kh7 19. b4 Qe8 20. Nxf7 Rxf7 21. Bg2 Bd8 22. Be5 Ng4 23. Bf4 e5 24. dxe5 Nxe5 25. a4 Nc4 26. h5 Bc7 27. Rfd1 Bxf4 28. gxf4 Rf6 29. Bf3 g5 30. hxg6+ Rxg6+ 31. Kf1 Qe6 32. Rab1 Rag8 33. Qd3 Qf6 34. Qb3 Qh4 35. Ke2 Re6 36. Rd4 Nxe3 37. fxe3 Qh2+ 38. Kd3 Qf2 0-1

[Event "Tambov Pavlyutin Memorial 1st"]
[Site "Tambov"]
[Date "2011.05.20"]
[Round "7"]
[White "Nikolaev, Alexey"]
[Black "Fedotov, Sergey A"]
[Result "0-1"]
[WhiteElo "2316"]
[BlackElo "2158"]
[PlyCount "107"]
[EventDate "2011.05.17"]
[EventType "tourn"]
[EventRounds "9"]
[EventCountry "RUS"]
[SourceTitle "CBM 142 Extra"]
[Source "ChessBase"]
[SourceDate "2011.06.27"]
[SourceVersion "1"]
[SourceVersionDate "2011.06.27"]
[SourceQuality "1"]

1. e4 c5 2. c3 Nf6 3. e5 Nd5 4. d4 cxd4 5. Qxd4 e6 6. Nf3 Nc6 7. Qe4 d6 8. Be2 dxe5 9. Nxe5 Nxe5 10. Qxe5 Qc7 11. Qxc7 Nxc7 12. Bf3 Bd6 13. Nd2 Bf4 14. Ne4 Bxc1 15. Rxc1 Rb8 16. 0-0 Ke7 17. Rfd1 b6 18. Nd6 Rd8 19. Nxc8+ Rbxc8 20. Rxd8 Rxd8 21. Kf1 Na6 22. Ke2 f5 23. b4 Rd7 24. a3 Nc7 25. c4 e5 26. g3 e4 27. Bg2 Rd3 28. c5 b5 29. Ra1 Ne6 30. Ke1 Nd4 31. Ra2 Rxa3 32. Rxa3 Nc2+ 33. Kd2 Nxa3 34. Bf1 Ke6 35. Kc3 Kd5 36. Be2 g6 37. f3 Nc4 38. fxe4+ fxe4 39. h4 h6 40. g4 g5 41. hxg5 hxg5 42. Bf1 a6 43. Be2 Ne3 44. Kb3 Ng2 45. Kc3 Nf4 46. Bd1 Ke5 47. Kc2 Kd4 48. c6 Nd5 49. Kd2 Nc7 50. Be2 e3+ 51. Kc2 Nd5 52. Kb3 Nc7 53. Kc2 Kd5 54. Kd3 0-1

[Event "Tambov Korensky Memorial 19th"]
[Site "Tambov"]
[Date "2010.08.25"]
[Round "5"]
[White "Vyaznikov, Sergey O"]
[Black "Fedotov, Sergey A"]
[Result "1/2-1/2"]
[WhiteElo "2275"]
[BlackElo "2211"]
[PlyCount "120"]
[EventDate "2010.08.21"]
[EventType "swiss"]
[EventRounds "9"]
[EventCountry "RUS"]
[SourceTitle "EXT 2022"]
[Source "ChessBase"]
[SourceDate "2021.10.06"]
[SourceVersion "1"]
[SourceVersionDate "2021.10.06"]
[SourceQuality "1"]

1. Nf3 Nf6 2. d4 d5 3. Bg5 Ne4 4. Bh4 c5 5. c3 Qb6 6. Qb3 e6 7. e3 c4 8. Qc2 Nc6 9. Nbd2 f5 10. Be2 Bd6 11. Bg3 Qc7 12. 0-0 0-0 13. Bxd6 Qxd6 14. Nxe4 fxe4 15. Nd2 Bd7 16. f3 exf3 17. Bxf3 Be8 18. Rae1 Bg6 19. e4 e5 20. Qd1 exd4 21. exd5 dxc3 22. bxc3 Ne5 23. Ne4 Qb6+ 24. Kh1 Nd3 25. Ng5 Nxe1 26. Rxe1 Rfe8 27. Ne6 Qd6 28. Qd4 Re7 29. Qxc4 Rae8 30. h3 Bf5 31. Rd1 b6 32. Rd4 Kh8 33. Bg4 Bxg4 34. Rxg4 Rxe6 35. dxe6 Qxe6 36. Qxe6 Rxe6 37. Rc4 Kg8 38. Kg1 Re2 39. a4 Kf7 40. Kf1 Re7 41. Kf2 Ke8 42. Kf3 Kd7 43. Rh4 h6 44. Rc4 Re5 45. Kf4 Ra5 46. g4 Kd6 47. h4 g5+ 48. hxg5 hxg5+ 49. Ke4 Re5+ 50. Kd3 Ra5 51. Rb4 Rc5 52. Rb5 Kd5 53. Rb1 Rc4 54. Rb5+ Rc5 55. Rb4 Kd6 56. Rb2 Ra5 57. Rb5 Rxb5 58. axb5 Ke5 59. Ke3 Kd5 60. Kd3 Ke5 1/2-1/2

[Event "Tambov Korensky Memorial 19th"]
[Site "Tambov"]
[Date "2010.08.21"]
[Round "1"]
[White "Fedotov, Sergey A"]
[Black "Skakun, Valentina"]
[Result "1-0"]
[WhiteElo "2211"]
[BlackElo "1872"]
[PlyCount "84"]
[EventDate "2010.08.21"]
[EventType "swiss"]
[EventRounds "9"]
[EventCountry "RUS"]
[SourceTitle "EXT 2022"]
[Source "ChessBase"]
[SourceDate "2021.10.06"]
[SourceVersion "1"]
[SourceVersionDate "2021.10.06"]
[SourceQuality "1"]

1. d4 d5 2. c4 e6 3. Nc3 c6 4. cxd5 exd5 5. Nf3 Bf5 6. Bf4 Bd6 7. Bxd6 Qxd6 8. Qb3 Qe7 9. e3 Nf6 10. Be2 0-0 11. 0-0 Ne4 12. Ne5 Nd2 13. Qa4 Nxf1 14. Bxf1 Nd7 15. Nd3 a5 16. Rc1 Rfe8 17. Qb3 Qd6 18. Na4 Bxd3 19. Bxd3 Qb4 20. Qc2 Nf6 21. a3 Qd6 22. h3 h6 23. Nb6 Rad8 24. Qd2 Qc7 25. Na4 Ne4 26. Qc2 Re6 27. Bxe4 Rxe4 28. Qb3 Re7 29. Nb6 Rd6 30. Rc5 a4 31. Nxa4 b5 32. Nc3 Qd7 33. Na2 Rg6 34. Kh1 Qf5 35. Qc2 Qg5 36. g3 Qh5 37. Kg2 Rf6 38. Rxc6 Qf3+ 39. Kg1 Rxc6 40. Qxc6 Qd1+ 41. Kg2 Qb3 42. Nc3 Qxb2 1-0

[Event "Tambov Korensky Memorial 18th"]
[Site "Tambov"]
[Date "2009.08.25"]
[Round "4"]
[White "Fedotov, Sergey A"]
[Black "Nikolaev, Alexey S"]
[Result "0-1"]
[WhiteElo "2262"]
[BlackElo "2032"]
[PlyCount "96"]
[EventDate "2009.08.22"]
[EventType "swiss"]
[EventRounds "9"]
[EventCountry "RUS"]
[SourceTitle "CBM 132 Extra"]
[Source "ChessBase"]
[SourceDate "2009.11.03"]
[SourceVersion "1"]
[SourceVersionDate "2009.11.03"]
[SourceQuality "1"]

1. d4 Nf6 2. c4 e6 3. Nc3 Bb4 4. e3 c5 5. Nf3 0-0 6. Bd3 d5 7. a3 Bxc3+ 8. bxc3 Nc6 9. 0-0 dxc4 10. Bxc4 Qc7 11. Bb2 e5 12. dxe5 Nxe5 13. Nxe5 Qxe5 14. Qe2 Be6 15. Bd3 Ng4 16. g3 Qh5 17. f3 Ne5 18. c4 Nxd3 19. Qxd3 Qg6 20. Qc3 Rad8 21. Rad1 b6 22. Kg2 f6 23. g4 Qf7 24. Rc1 Rd7 25. Rf2 Rfd8 26. Qc2 Rd3 27. e4 Qd7 28. Rcf1 h5 29. h3 hxg4 30. hxg4 Bxg4 31. fxg4 Qxg4+ 32. Kh1 Qxe4+ 33. Rg2 Rh3+ 34. Kg1 Qh4 35. Rxg7+ Kxg7 36. Bxf6+ Qxf6 37. Rxf6 Kxf6 38. Qf2+ Ke7 39. Qe2+ Kd6 40. Qd2+ Kc7 41. Qf4+ Kb7 42. a4 Ra3 43. Qe4+ Ka6 44. Qc2 Rdd3 45. Qb1 Rd2 46. Qc1 Rda2 47. Qf4 Rxa4 48. Qg4 Rc2 0-1

[Event "Tambov Korensky Memorial 18th"]
[Site "Tambov"]
[Date "2009.08.24"]
[Round "3"]
[White "Larin, Vladimir P"]
[Black "Fedotov, Sergey A"]
[Result "1-0"]
[WhiteElo "2151"]
[BlackElo "2262"]
[PlyCount "59"]
[EventDate "2009.08.22"]
[EventType "swiss"]
[EventRounds "9"]
[EventCountry "RUS"]
[SourceTitle "CBM 132 Extra"]
[Source "ChessBase"]
[SourceDate "2009.11.03"]
[SourceVersion "1"]
[SourceVersionDate "2009.11.03"]
[SourceQuality "1"]

1. e4 c5 2. Nc3 Nc6 3. f4 g6 4. Nf3 Bg7 5. Bb5 e6 6. Bxc6 bxc6 7. 0-0 Ne7 8. e5 0-0 9. d3 Nf5 10. Ne4 Qb6 11. c4 d5 12. exd6 Rd8 13. Qe2 Nxd6 14. Rb1 Nf5 15. g4 Nd4 16. Nxd4 cxd4 17. g5 c5 18. Bd2 Bb7 19. b4 Bxe4 20. Qxe4 Rab8 21. b5 a5 22. Qe1 Ra8 23. Rf3 h5 24. gxh6 Bxh6 25. f5 Bxd2 26. Qxd2 exf5 27. Rbf1 Re8 28. Qh6 Qe6 29. Kh1 Ra7 30. Rh3 1-0